Русский народ. Его обычаи, обряды, предания, суеверия и поэзия

Dades bibliogràfiques
Altres autors: Забылин М. (составитель)
Idioma:rus
Publicat: Москва, Автор, 1992
Edició:репринтное воспроизведение издания: "Русский народ его обычаи, обряды, предания, суеверия и поэзия. Собр. М. Забылиным. В четырех частях. М.: Издание книгопродавца М. Березина, 1880"
Matèries:
Format: MixedMaterials Llibre
KOHA link:https://koha.lib.tpu.ru/cgi-bin/koha/opac-detail.pl?biblionumber=102044

MARC

LEADER 00000nam0a2200000 4500
001 102044
005 20231031112831.0
010 |a 5852120111 
035 |a (RuTPU)RU\TPU\book\110043 
090 |a 102044 
100 |a 20060919d1992 m y0rusy50 ca 
101 0 |a rus 
102 |a RU 
105 |a y z 000zy 
200 1 |a Русский народ. Его обычаи, обряды, предания, суеверия и поэзия  |f сост. М. Забылин 
205 |a репринтное воспроизведение издания: "Русский народ его обычаи, обряды, предания, суеверия и поэзия. Собр. М. Забылиным. В четырех частях. М.: Издание книгопродавца М. Березина, 1880" 
210 |a Москва  |c Автор  |d 1992 
215 |a 616 с. 
610 1 |a история 
610 1 |a этнография 
610 1 |a русские 
610 1 |a русский народ 
610 1 |a суеверия 
610 1 |a русский костюм 
610 1 |a предания 
610 1 |a поэзия 
610 1 |a обычаи 
610 1 |a обряды 
686 |a Т52(2=411.2)-73  |v LBC/SL-A  |2 rubbk 
702 1 |a Забылин  |b М.  |4 220 
801 1 |a RU  |b 63413507  |c 20060919  |g PSBO 
801 2 |a RU  |b 63413507  |c 20130507  |g PSBO 
942 |c BK